Statistics for Hawaiian Islands

Click here to take the quiz!

General Stats

  • This quiz has been taken 15,019 times
  • The average score is 4 of 8

Answer Stats

Nickname Population Name % Correct
The Gathering Place953,207Oʻahu
90%
The Big Island185,079Hawaiʻi
87%
The Valley Isle144,444Maui
77%
The Garden Isle66,921Kauaʻi
57%
The Friendly Isle7,345Molokaʻi
46%
The Pineapple Isle3,135Lānaʻi
40%
The Forbidden Isle170Niʻihau
26%
The Target Isle0Kahoʻolawe
21%

Score Distribution

Percentile by Number Answered

Percent of People with Each Score

Your Score History

You have not taken this quiz